University Home | Library Home | Institutional Repository

Guinness book of records / (Record no. 138575)

MARC details
000 -LEADER
fixed length control field 00942cam6a220026500 4500
001 - CONTROL NUMBER
control field tmp15699792
003 - CONTROL NUMBER IDENTIFIER
control field UPRA
005 - DATE AND TIME OF LATEST TRANSACTION
control field 20190823082720.0
008 - FIXED-LENGTH DATA ELEMENTS--GENERAL INFORMATION
fixed length control field 951006s1974 enk eng u
035 ## - SYSTEM CONTROL NUMBER
System control number (Sirsi) r96678
035 ## - SYSTEM CONTROL NUMBER
System control number (UPRA)tmp15699792
040 ## - CATALOGING SOURCE
Transcribing agency UPRA
245 00 - TITLE STATEMENT
Title Guinness book of records /
Statement of responsibility, etc. editors and compilers: Norris and Ross McWhirter.
246 30 - VARYING FORM OF TITLE
Title proper/short title Guinness book of superlatives
250 ## - EDITION STATEMENT
Edition statement [21st ed.].
260 ## - PUBLICATION, DISTRIBUTION, ETC.
Place of publication, distribution, etc. [Enfield :
Name of publisher, distributor, etc. Guinness Superlatives,
Date of publication, distribution, etc. 1974]
500 ## - GENERAL NOTE
General note 1st ed. published 1955.
500 ## - GENERAL NOTE
General note Title varies: The Guinness book of superlatives
650 #0 - SUBJECT ADDED ENTRY--TOPICAL TERM
Topical term or geographic name entry element Curiosities and wonders.
Linkage S16245.1
700 1# - ADDED ENTRY--PERSONAL NAME
Personal name McWhirter, Norris, 1925-
Dates associated with a name McWhirter, Norris, 1925-
Linkage A23026.1
700 1# - ADDED ENTRY--PERSONAL NAME
Personal name McWhirter, Ross, 1925-1975.
Dates associated with a name McWhirter, Ross, 1925-1975.
Linkage A23028.1
949 ## - LOCAL PROCESSING INFORMATION (OCLC)
a AG243
w lcc
m MAIN
t BOOK
l ON-SHELF
987 ## - LOCAL ROMANIZATION/CONVERSION HISTORY (OCLC)
Romanization/conversion identifier Holdings : use?
Agency that converted, created or reviewed only copy on card marked missing.

No items available.

© 2026 - The University of Zambia Library - Koha v25.11